000 00494nam a2200181Ia 4500
008 100917s9999 xx 000 0 und d
082 _b49019
100 _aघाणेकर मधुसूदन
245 _aसिलॅबस
260 _bगायत्री साहित्य
_c1981
300 _a79
365 _b8
520 _aकादंबरी
630 _aसिलॅबस
650 _aकादंबरी
730 _aसिलॅबस
942 _cBOOK
999 _c654413
_d654410